[Event "Politiken Cup 2011"]
[Site "Helsingor"]
[Date "2011.07.30"]
[Round "1.154"]
[White "Simonsen, Per"]
[Black "Nilsson, Patrik 1978"]
[Result "0-1"]
[WhiteElo "1912"]
[BlackElo "2057"]
[PlyCount "96"]
[EventDate "2011.??.??"]

1. d4 d6 2. c4 Nd7 3. e4 e5 4. d5 a5 5. Bd3 Be7 6. Nc3 Nc5 7. Be3 Nxd3+ 8. Qxd3
Bg5 9. Nf3 Bxe3 10. Qxe3 b6 11. O-O Ne7 12. a4 Ng6 13. Ne2 O-O 14. Nd2 f5 15.
f3 f4 16. Qf2 Qg5 17. Kh1 Rf6 18. Rg1 Qh6 19. Rad1 Nf8 20. g4 Qg5 21. Kg2 Rh6
22. Rh1 Rh4 23. h3 Nd7 24. Rdg1 Nc5 25. b3 Bd7 26. Nc3 Kf7 27. Kf1 Rh8 28. Rh2
h5 29. Rgh1 Rh7 30. Qg2 Ke7 31. Nd1 hxg4 32. hxg4 Nd3 33. Nf2 Nb4 34. Rxh4 Rxh4
35. Rxh4 Qxh4 36. Qh3 Qh6 37. Kg2 Nc2 38. Qh2 Kf6 39. Nh3 Qh4 40. Nf2 Qxh2+ 41.
Kxh2 Nd4 42. Kh3 Kg5 43. Nd1 Nxb3 44. Nxb3 Bxa4 45. Nxa5 bxa5 46. Nc3 Bb3 47.
Nb5 a4 48. Nxc7 a3 0-1

[Event "Politiken Cup 2011"]
[Site "Helsingor"]
[Date "2011.07.30"]
[Round "1.128"]
[White "Lindgaard, Tobias"]
[Black "Hauge, Lars Oskar"]
[Result "0-1"]
[WhiteElo "1434"]
[BlackElo "2052"]
[PlyCount "34"]
[EventDate "2011.??.??"]
[WhiteTeam "Ribe"]

1. d4 Nf6 2. Nc3 d5 3. Bf4 e6 4. Nf3 Be7 5. e3 O-O 6. Bd3 c5 7. dxc5 Bxc5 8.
Ne5 Nc6 9. g4 d4 10. Nb5 dxe3 11. fxe3 Nxe5 12. Bxe5 Qd5 13. Nc7 Qxh1+ 14. Ke2
Qg2+ 15. Ke1 Qg1+ 16. Kd2 Qxe3+ 17. Kc3 Qxe5+ 0-1

[Event "Politiken Cup 2011"]
[Site "Helsingor"]
[Date "2011.07.30"]
[Round "1.129"]
[White "Petersen, Nils"]
[Black "Rasmussen, Arne"]
[Result "1-0"]
[WhiteElo "2051"]
[BlackElo "1409"]
[PlyCount "65"]
[EventDate "2011.??.??"]
[WhiteTeam "Øbro"]
[BlackTeam "Ishøj"]

1. c4 Nf6 2. g3 g6 3. Bg2 Bg7 4. e4 d6 5. Ne2 O-O 6. O-O e5 7. Nbc3 Nc6 8. d3
Be6 9. Nd5 Bxd5 10. cxd5 Nd4 11. Nxd4 exd4 12. f4 Nd7 13. f5 Ne5 14. Bf4 Bf6
15. Rc1 Rc8 16. Bxe5 dxe5 17. fxg6 fxg6 18. Bh3 Rb8 19. Qg4 Kg7 20. Qe6 Rf7 21.
Rc2 Qd6 22. Rfc1 Bg5 23. Rxc7 Qxe6 24. Bxe6 Rxc7 25. Rxc7+ Kh6 26. Kg2 Be3 27.
h4 a5 28. d6 b5 29. d7 Rf8 30. Rc8 Rf2+ 31. Kh3 Rf3 32. d8=Q Bf4 33. Qf8+ 1-0

[Event "Politiken Cup 2011"]
[Site "Helsingor"]
[Date "2011.07.30"]
[Round "1.131"]
[White "Christensen, Klaus"]
[Black "Hvid, Hans Henrik"]
[Result "1-0"]
[WhiteElo "2044"]
[BlackElo "1319"]
[PlyCount "55"]
[EventDate "2011.??.??"]
[WhiteTeam "Århus/skolerne"]
[BlackTeam "Hillerød"]

1. d4 d5 2. c4 Nf6 3. cxd5 Qxd5 4. Nc3 Qa5 5. Bd2 Qb6 6. e3 e6 7. Bc4 c6 8. Qc2
Bb4 9. Nf3 O-O 10. O-O Qd8 11. a3 Bd6 12. e4 Bc7 13. Rad1 Nfd7 14. e5 c5 15.
Bf4 cxd4 16. Rxd4 Nc6 17. Rd2 Qe7 18. Re1 h6 19. Ba2 g5 20. Bb1 f5 21. exf6
Nxf6 22. Qg6+ Kh8 23. Qxh6+ Nh7 24. Bxc7 Rf6 25. Qxh7+ Qxh7 26. Bxh7 Kxh7 27.
Ne4 Rxf3 28. Nxg5+ 1-0

[Event "Politiken Cup 2011"]
[Site "Helsingor"]
[Date "2011.07.30"]
[Round "1.130"]
[White "Petersen, Jan"]
[Black "Haubro, Martin"]
[Result "0-1"]
[WhiteElo "1396"]
[BlackElo "2040"]
[PlyCount "68"]
[EventDate "2011.??.??"]
[WhiteTeam "Helsingør"]
[BlackTeam "BMS"]

1. d4 Nf6 2. c4 c5 3. d5 e6 4. Nc3 exd5 5. cxd5 d6 6. e4 g6 7. Be2 Bg7 8. Nf3
O-O 9. O-O Bg4 10. Nd2 Bxe2 11. Qxe2 a6 12. a4 Re8 13. a5 Nbd7 14. f3 Ne5 15.
Nc4 Nxc4 16. Qxc4 b5 17. Qd3 Nd7 18. Be3 Ne5 19. Qc2 Nc4 20. Bf4 Bd4+ 21. Kh1
Qf6 22. Bd2 Rab8 23. Rfb1 Be5 24. Qc1 Qh4 25. f4 Nxd2 26. g3 Qe7 27. Qxd2 Bxc3
28. Qxc3 Qxe4+ 29. Kg1 Qxd5 30. Re1 b4 31. Qf6 c4 32. Red1 Qc5+ 33. Kh1 Qc6+
34. Kg1 Re2 0-1

[Event "Politiken Cup 2011"]
[Site "Helsingor"]
[Date "2011.07.30"]
[Round "1.132"]
[White "Brobakken, Sindre"]
[Black "Hyldkrog, Lars"]
[Result "0-1"]
[WhiteElo "1317"]
[BlackElo "2038"]
[PlyCount "82"]
[EventDate "2011.??.??"]
[WhiteTeam "Hamar"]
[BlackTeam "LVS"]

1. Nf3 d5 2. g3 Nf6 3. Bg2 Bf5 4. d3 h6 5. Nbd2 e6 6. O-O c5 7. Re1 Be7 8. c3
O-O 9. Qc2 c4 10. e4 cxd3 11. Qxd3 Nxe4 12. Nxe4 Bxe4 13. Qd1 Nd7 14. Be3 a5
15. Bd4 Bf6 16. Be3 a4 17. Rc1 a3 18. b3 Rc8 19. Bd2 Nc5 20. Re3 b5 21. Nd4 Qb6
22. Bxe4 Nxe4 23. Ne2 Rc7 24. f3 Nd6 25. Kg2 Rfc8 26. Qe1 Bg5 27. f4 Bf6 28.
Rd3 Ne4 29. Be3 Qb7 30. Bd4 Bxd4 31. Nxd4 b4 32. Ne2 bxc3 33. Kf1 Nd2+ 34. Kg1
Qb5 35. Re3 Qb6 36. Qf2 Ne4 37. Qf3 f5 38. Kg2 Nd2 39. Qf2 c2 40. Kg1 Ne4 41.
Qf3 Rc3 0-1

[Event "Politiken Cup 2011"]
[Site "Helsingor"]
[Date "2011.07.30"]
[Round "1.133"]
[White "Jorgensen, Carina Eilegaard"]
[Black "Ostby, Martin Bergsjo"]
[Result "1-0"]
[WhiteElo "2030"]
[BlackElo "1288"]
[PlyCount "115"]
[EventDate "2011.??.??"]
[WhiteTeam "Taastrup"]
[BlackTeam "Oslo Schackselskab"]

1. d4 d5 2. c4 e6 3. Nf3 Nf6 4. Bg5 c6 5. Nc3 Bb4 6. Qc2 h6 7. Bh4 b6 8. e3 Ba6
9. Ne5 dxc4 10. Be2 Be7 11. Nxc4 O-O 12. O-O Nbd7 13. e4 c5 14. Rfd1 Qc7 15.
Bg3 Qb7 16. Bd6 Bxc4 17. Bxe7 Bxe2 18. Qxe2 Rfe8 19. Bd6 e5 20. dxe5 Nxe5 21.
g3 Ng6 22. e5 Nd7 23. f4 Ne7 24. Bxe7 Rxe7 25. Nb5 a6 26. Nd6 Qc6 27. Qg4 Re6
28. Nf5 g6 29. Nxh6+ Kg7 30. Nf5+ Kf8 31. Nd6 Kg7 32. Qg5 Rh8 33. Nf5+ Kf8 34.
Qd8+ Re8 35. Qxd7 Qxd7 36. Rxd7 gxf5 37. Rad1 Re6 38. Rd8+ Kg7 39. Rxh8 Kxh8
40. Rd6 Kg7 41. Rxe6 fxe6 42. Kf2 Kg6 43. h4 b5 44. Ke3 a5 45. b3 Kh5 46. Kd3
Kg4 47. a4 b4 48. Kc4 Kxg3 49. h5 Kxf4 50. h6 Ke3 51. h7 f4 52. h8=Q f3 53. Qh7
Ke2 54. Qd3+ Kf2 55. Kxc5 Kg2 56. Qe4 Kg3 57. Kd6 f2 58. Qh1 1-0

[Event "Politiken Cup 2011"]
[Site "Helsingor"]
[Date "2011.07.30"]
[Round "1.134"]
[White "Jorgensen, Jens A. L"]
[Black "Nielsen, Frode B"]
[Result "0-1"]
[WhiteElo "1264"]
[BlackElo "2028"]
[PlyCount "58"]
[EventDate "2011.??.??"]
[WhiteTeam "Viby"]
[BlackTeam "Frederiksberg"]

1. e4 e5 2. Nf3 Nc6 3. Bc4 Nf6 4. Ng5 d5 5. exd5 b5 6. Bb3 Nxd5 7. Qf3 Be6 8.
d3 Bb4+ 9. c3 Be7 10. Nxe6 fxe6 11. O-O Bf6 12. c4 Nd4 13. Qh5+ g6 14. Qd1 bxc4
15. Bxc4 O-O 16. a3 Nf4 17. Nc3 Bg7 18. Be3 Qh4 19. Bxd4 exd4 20. g3 Qh3 21.
gxf4 dxc3 22. bxc3 Rxf4 23. f3 Bxc3 24. Qe2 Re8 25. Rab1 Kg7 26. Rb7 Bd4+ 27.
Kh1 Bb6 28. Qe5+ Rf6 29. Rb1 Qxf3# 0-1

[Event "Politiken Cup 2011"]
[Site "Helsingor"]
[Date "2011.07.30"]
[Round "1.135"]
[White "Mortensen, Henrik"]
[Black "Thingstad, Thormod"]
[Result "1-0"]
[WhiteElo "2024"]
[BlackElo "1144"]
[PlyCount "49"]
[EventDate "2011.??.??"]
[WhiteTeam "Horsens"]
[BlackTeam "Hønefoss"]

1. e4 e5 2. Nc3 Nf6 3. Nf3 d6 4. d4 exd4 5. Nxd4 Nbd7 6. Bg5 Be7 7. Qd2 O-O 8.
O-O-O a6 9. Nf5 b5 10. Bd3 Nc5 11. Nxe7+ Qxe7 12. Nd5 Nxd3+ 13. cxd3 Qe5 14. f4
Qd4 15. Bxf6 gxf6 16. f5 Kh8 17. Rhf1 Qe5 18. Qh6 Rg8 19. Nxf6 Rg7 20. Nxh7 Kg8
21. Nf6+ Kf8 22. d4 Qxf6 23. Qxf6 Bb7 24. Qh6 Bxe4 25. f6 1-0

[Event "Politiken Cup 2011"]
[Site "Helsingor"]
[Date "2011.07.30"]
[Round "1.136"]
[White "Merkesvik, Frode"]
[Black "Radice, Luca"]
[Result "0-1"]
[WhiteElo "1112"]
[BlackElo "2021"]
[PlyCount "68"]
[EventDate "2011.??.??"]
[WhiteTeam "Bergen"]
[BlackTeam "Monza"]

1. e4 e6 2. d4 d5 3. exd5 exd5 4. Nf3 Bd6 5. Nc3 Ne7 6. Be3 Nbc6 7. Nb5 Bf5 8.
Nxd6+ Qxd6 9. c3 O-O 10. Qd2 a6 11. Bd3 Rfe8 12. O-O Bxd3 13. Qxd3 Ng6 14. Qd2
Re7 15. Rfe1 f6 16. h4 h5 17. g3 Rae8 18. Qc2 Kf7 19. Bd2 Re4 20. Rxe4 dxe4 21.
Re1 Qd5 22. a3 Na5 23. Nh2 b5 24. f3 Qb3 25. Qb1 Nc4 26. Bc1 Nxa3 27. Qa1 Nc2
28. Qxa6 Nxe1 29. Qc6 Nxf3+ 30. Nxf3 exf3 31. Qxc7+ Re7 32. Qc6 Qd1+ 33. Kf2
Qe2+ 34. Kg1 Qg2# 0-1

[Event "Politiken Cup 2011"]
[Site "Helsingor"]
[Date "2011.07.30"]
[Round "1.137"]
[White "Skovgaard, Tom"]
[Black "Sønderskov, Lissi"]
[Result "1-0"]
[WhiteElo "2013"]
[BlackElo "1099"]
[PlyCount "29"]
[EventDate "2011.??.??"]
[WhiteTeam "BMS"]
[BlackTeam "Allerød"]

1. e4 e6 2. d4 d5 3. Nd2 Nf6 4. e5 Nfd7 5. Bd3 c5 6. c3 Nc6 7. f4 Qb6 8. dxc5
Bxc5 9. Nh3 O-O 10. Bxh7+ Kh8 11. Qh5 Bf2+ 12. Nxf2 Qe3+ 13. Kf1 Qxf4 14. Nf3
Qh6 15. Bxh6 1-0

[Event "Politiken Cup 2011"]
[Site "Helsingor"]
[Date "2011.07.30"]
[Round "1.138"]
[White "Jensen, Torben Brieghel"]
[Black "Celander, Adam"]
[Result "0-1"]
[WhiteElo "1098"]
[BlackElo "2006"]
[PlyCount "118"]
[EventDate "2011.??.??"]
[WhiteTeam "Hillerød"]

1. Nf3 Nf6 2. g3 g6 3. Bg2 Bg7 4. O-O O-O 5. d3 d6 6. e4 Nc6 7. Nbd2 e5 8. c3
Nd7 9. Nb3 a5 10. Be3 a4 11. Nbd2 f5 12. exf5 gxf5 13. Ng5 Nf6 14. b3 h6 15.
Nh3 d5 16. Nf3 Ng4 17. d4 e4 18. Ne1 b6 19. Nc2 Ba6 20. Re1 Na5 21. Nb4 Bb7 22.
f3 Nxe3 23. Rxe3 c5 24. dxc5 bxc5 25. Nc2 d4 26. Re1 d3 27. Nf4 dxc2 28. Qxc2
Qb6 29. fxe4 c4+ 30. Kh1 cxb3 31. Rab1 Rfe8 32. axb3 axb3 33. Qd3 Rad8 34. Nd5
Bxd5 35. exd5 Rxe1+ 36. Rxe1 Qf6 37. c4 Qc3 38. Qxc3 Bxc3 39. Rb1 Bd4 40. Bh3
Rf8 41. Bf1 Kg7 42. Be2 Kf6 43. Kg2 Ke5 44. Rf1 Be3 45. Bd3 f4 46. g4 Kd4 47.
Rd1 Kc3 48. d6 Rd8 49. Bf5 Nxc4 50. d7 Ne5 51. h4 f3+ 52. Kf1 b2 53. Ke1 Bf4
54. Rd5 Kc4 55. Rd6 Kc5 56. Rd1 Bc1 57. Kf2 Kc4 58. Ke1 Nxg4 59. Kf1 Ne3+ 0-1

[Event "Politiken Cup 2011"]
[Site "Helsingor"]
[Date "2011.07.30"]
[Round "1.139"]
[White "Pimenta, Antonio"]
[Black "Thybo, Jan"]
[Result "1-0"]
[WhiteElo "2006"]
[BlackElo "1042"]
[PlyCount "77"]
[EventDate "2011.??.??"]
[WhiteTeam "Dommeldange Beggen"]
[BlackTeam "Morsø"]

1. e4 e5 2. Nf3 Nc6 3. Nc3 Nf6 4. Bb5 a6 5. Bxc6 dxc6 6. Nxe5 Bb4 7. O-O O-O 8.
d3 Bd6 9. Nc4 Be7 10. Bf4 h6 11. Re1 Bc5 12. Be3 Bd6 13. Nxd6 cxd6 14. h3 Nh7
15. Na4 f5 16. exf5 Bxf5 17. Nc3 Qh4 18. Ne4 Bxh3 19. gxh3 Qxh3 20. Ng3 Rf6 21.
Qh5 Ng5 22. Qxh3 Nxh3+ 23. Kg2 Ng5 24. Ne4 Nxe4 25. dxe4 Rg6+ 26. Kf1 Rf8 27.
Ke2 Re6 28. Kd3 g5 29. Rg1 Rg6 30. f4 g4 31. f5 Rgf6 32. Rxg4+ Kh7 33. Rag1
R8f7 34. Bd4 h5 35. Rh4 Rh6 36. Be3 d5 37. Bxh6 dxe4+ 38. Kxe4 Kxh6 39. Rg6+
1-0

[Event "Politiken Cup 2011"]
[Site "Helsingor"]
[Date "2011.07.30"]
[Round "1.140"]
[White "Savio, Niklas"]
[Black "Hedlerfog, Robert"]
[Result "0-1"]
[WhiteElo "1040"]
[BlackElo "2006"]
[PlyCount "58"]
[EventDate "2011.??.??"]
[WhiteTeam "Caissa"]
[BlackTeam "HG Schack"]

1. c4 Nf6 2. g3 c6 3. Bg2 d5 4. cxd5 cxd5 5. e3 Bg4 6. Ne2 e6 7. Nbc3 Nc6 8. d4
Be7 9. h3 Bh5 10. O-O h6 11. Qb3 Qd7 12. Nf4 g5 13. Nxh5 Nxh5 14. Qd1 Nf6 15.
b3 O-O-O 16. Bb2 Rhg8 17. Rc1 Kb8 18. e4 dxe4 19. Nxe4 Nxe4 20. Bxe4 Nxd4 21.
Bxd4 Qxd4 22. Bg2 Ba3 23. Qf3 Qb6 24. Rcd1 f5 25. Qc3 f4 26. Rxd8+ Rxd8 27.
Qe5+ Bd6 28. Qxe6 fxg3 29. Qe3 gxf2+ 0-1

[Event "Politiken Cup 2011"]
[Site "Helsingor"]
[Date "2011.07.30"]
[Round "1.141"]
[White "Johansen, Johnny Holler"]
[Black "Dyrhaug, Sverre S"]
[Result "1-0"]
[WhiteElo "1998"]
[BlackElo "1019"]
[PlyCount "45"]
[EventDate "2011.??.??"]
[WhiteTeam "Frem"]
[BlackTeam "Stavanger"]

1. e4 e6 2. d4 d5 3. Nc3 Be7 4. e5 c5 5. Nf3 Nc6 6. Bb5 Bd7 7. Bf4 Qb6 8. a4
Rd8 9. O-O f6 10. Re1 a6 11. Bxc6 bxc6 12. Qd2 cxd4 13. Nxd4 c5 14. a5 Qb7 15.
exf6 Nxf6 16. Nxe6 Bxe6 17. Rxe6 O-O 18. Rae1 Rfe8 19. Be5 d4 20. Bxf6 gxf6 21.
Ne4 Kf7 22. Qh6 Rh8 23. Nd6+ 1-0

[Event "Politiken Cup 2011"]
[Site "Helsingor"]
[Date "2011.07.30"]
[Round "1.142"]
[White "Andreassen, Espen"]
[Black "Petersen, Tom"]
[Result "0-1"]
[WhiteElo "1000"]
[BlackElo "1997"]
[PlyCount "60"]
[EventDate "2011.??.??"]
[WhiteTeam "Sevland"]
[BlackTeam "Silkeborg"]

1. e4 e6 2. d4 d5 3. e5 c5 4. c3 Nc6 5. Nf3 Bd7 6. b3 cxd4 7. cxd4 Nge7 8. Bb2
Ng6 9. Nbd2 Be7 10. Be2 O-O 11. O-O Rc8 12. Rc1 Qa5 13. a4 h6 14. Bc3 Bb4 15.
Bxb4 Nxb4 16. Rxc8 Rxc8 17. Qb1 Nf4 18. Bd1 Nfd3 19. Be2 Nf4 20. Re1 Nc2 21. g3
Nxe1 22. gxf4 Nxf3+ 23. Nxf3 Rc3 24. h4 Qb4 25. Nd2 Qxd4 26. Nf1 Qxf4 27. Qe1
d4 28. f3 Qxe5 29. Qf2 Rc2 30. Ng3 d3 0-1

[Event "Politiken Cup 2011"]
[Site "Helsingor"]
[Date "2011.07.30"]
[Round "1.143"]
[White "Sorensen, Dick"]
[Black "Andreassen, Jonas"]
[Result "1-0"]
[WhiteElo "1993"]
[BlackElo "1000"]
[PlyCount "47"]
[EventDate "2011.??.??"]
[WhiteTeam "Taastrup"]
[BlackTeam "Sevland"]

1. d4 Nf6 2. Nf3 d5 3. g3 Nc6 4. Bg2 Bg4 5. O-O h6 6. b3 Ne4 7. Bb2 g5 8. c4 e6
9. Nc3 Nxc3 10. Bxc3 dxc4 11. bxc4 Bg7 12. e3 h5 13. Qb3 b6 14. d5 Na5 15. Qa4+
Kf8 16. Nd4 Bxd4 17. Bxd4 Rh6 18. f3 Bf5 19. e4 Bg6 20. Rad1 g4 21. dxe6 gxf3
22. Bc5+ bxc5 23. Rxd8+ Rxd8 24. Bxf3 1-0

[Event "Politiken Cup 2011"]
[Site "Helsingor"]
[Date "2011.07.30"]
[Round "1.144"]
[White "Brastein, Rgner"]
[Black "Preuss, Flemming"]
[Result "0-1"]
[WhiteElo "1000"]
[BlackElo "1991"]
[PlyCount "72"]
[EventDate "2011.??.??"]
[WhiteTeam "Sandness"]
[BlackTeam "Næstved"]

1. d4 f5 2. Nf3 Nf6 3. Bf4 d6 4. e3 g6 5. Be2 Bg7 6. h3 O-O 7. O-O h6 8. c4 g5
9. Bh2 Qe8 10. Nc3 c6 11. Qc2 Na6 12. a3 Nc7 13. Rad1 Qg6 14. Rfe1 h5 15. Nd2
h4 16. Kh1 Bd7 17. Rg1 Nh5 18. Rdf1 Ne8 19. b3 Nef6 20. g3 hxg3 21. fxg3 g4 22.
hxg4 Nxg4 23. Qd3 e5 24. Bxg4 Qxg4 25. Rg2 exd4 26. exd4 Rae8 27. Rf3 Kh8 28.
Bg1 Re1 29. Rf1 Rfe8 30. d5 Rxf1 31. Nxf1 Re1 32. Bf2 Rc1 33. Ne2 Rxf1+ 34. Ng1
Rd1 35. Qc2 Bd4 36. Kh2 f4 0-1

[Event "Politiken Cup 2011"]
[Site "Helsingor"]
[Date "2011.07.30"]
[Round "1.145"]
[White "Diaz, Linda"]
[Black "Brobakken, Jørgen"]
[Result "1-0"]
[WhiteElo "1988"]
[BlackElo "1000"]
[PlyCount "63"]
[EventDate "2011.??.??"]
[WhiteTeam "Marshall"]
[BlackTeam "Hamar"]

1. e4 e5 2. Nf3 d6 3. d4 Nd7 4. Bc4 Ngf6 5. dxe5 Nxe4 6. Qd5 Qe7 7. Qxe4 c6 8.
e6 Nf6 9. exf7+ Kd8 10. Qxe7+ Kxe7 11. O-O d5 12. Re1+ Kxf7 13. Ng5+ Kg8 14.
Bd3 g6 15. b3 Bg7 16. Bb2 Bd7 17. Nd2 h6 18. Ne6 g5 19. Nxg7 Kxg7 20. Re7+ Kf8
21. Bxf6 Rg8 22. Rxd7 Ke8 23. Re7+ Kd8 24. Rg7+ Ke8 25. Rxg8+ Kf7 26. Rxa8 Kxf6
27. Re1 a6 28. Rae8 Kf7 29. R1e7+ Kf6 30. Nf1 h5 31. Ng3 h4 32. Nh5# 1-0

[Event "Politiken Cup 2011"]
[Site "Helsingor"]
[Date "2011.07.30"]
[Round "1.147"]
[White "Svendsen, Peter"]
[Black "Haukenes, Elias"]
[Result "1-0"]
[WhiteElo "1987"]
[BlackElo "1000"]
[PlyCount "49"]
[EventDate "2011.??.??"]
[WhiteTeam "Hillerød"]
[BlackTeam "Hamar"]

1. d4 Nf6 2. Nf3 g6 3. g3 Bg7 4. Bg2 O-O 5. O-O d6 6. c4 c5 7. d5 Re8 8. Nc3 a6
9. a4 Bg4 10. Qc2 Nbd7 11. Nd2 Bf5 12. e4 Bg4 13. f3 Bh5 14. g4 e5 15. gxh5
gxh5 16. Ne2 Nb6 17. Ng3 a5 18. Nf5 Rc8 19. Bh3 Bh6 20. Nb3 Bxc1 21. Raxc1 Qd7
22. Nh6+ Kf8 23. Bxd7 Nbxd7 24. f4 exf4 25. Rxf4 1-0

[Event "Politiken Cup 2011"]
[Site "Helsingor"]
[Date "2011.07.30"]
[Round "1.146"]
[White "Dyrhaug, Erling Skjolas"]
[Black "Jensen, Ib"]
[Result "0-1"]
[WhiteElo "1000"]
[BlackElo "1985"]
[PlyCount "140"]
[EventDate "2011.??.??"]
[WhiteTeam "Stavanger"]
[BlackTeam "Helsingør"]

1. e4 Nc6 2. Nf3 Nf6 3. Nc3 d5 4. exd5 Nxd5 5. d4 Bg4 6. Be2 e6 7. a3 Bd6 8.
O-O Nf4 9. Be3 O-O 10. Ne4 Nxe2+ 11. Qxe2 Be7 12. c3 f5 13. Nc5 Bxc5 14. dxc5
Qe8 15. Bf4 Qe7 16. Qe3 Bxf3 17. gxf3 Rae8 18. Kh1 e5 19. Bg5 Qe6 20. f4 e4 21.
Rg1 Rf7 22. Qh3 Rd7 23. Rg3 Qd5 24. f3 exf3 25. Rxf3 Re3 26. Raf1 Qe4 27. Kg1
Rdd3 28. Rxe3 Rxe3 29. Qg2 Qxg2+ 30. Kxg2 Re2+ 31. Rf2 Rxf2+ 32. Kxf2 Kf7 33.
Ke3 Ke6 34. c4 Na5 35. Kd3 Nb3 36. Bh4 Nxc5+ 37. Kc3 a6 38. Kc2 h6 39. Bf2 Ne4
40. Bd4 Nf6 41. Bxf6 Kxf6 42. Kd3 Ke6 43. b4 g5 44. Ke3 g4 45. b5 axb5 46. cxb5
Kd5 47. Kd3 Kc5 48. a4 b6 49. Ke3 Kc4 50. Kd2 Kd4 51. Kc2 h5 52. Kb3 h4 53. Kb4
g3 54. hxg3 hxg3 55. a5 bxa5+ 56. Kxa5 g2 57. Ka6 g1=Q 58. Kb7 Qg6 59. Kxc7 Kc5
60. b6 Qxb6+ 61. Kd7 Qd6+ 62. Ke8 Qxf4 63. Kd8 Qe5 64. Kd7 f4 65. Kd8 f3 66.
Kd7 f2 67. Kd8 f1=Q 68. Kc8 Qf8+ 69. Kb7 Qfb8+ 70. Ka6 Qa1# 0-1

[Event "Politiken Cup 2011"]
[Site "Helsingor"]
[Date "2011.07.30"]
[Round "1.148"]
[White "Haukenes, Jonas"]
[Black "Frisvold, Ole Emil"]
[Result "0-1"]
[WhiteElo "1000"]
[BlackElo "1983"]
[PlyCount "66"]
[EventDate "2011.??.??"]
[WhiteTeam "Hamar"]
[BlackTeam "Frisvold"]

1. d4 Nf6 2. c4 c5 3. Nf3 cxd4 4. Nxd4 Nc6 5. e3 g6 6. Bd3 Bg7 7. O-O O-O 8.
Qc2 Nb4 9. Qd1 Nxd3 10. Qxd3 d5 11. f3 e5 12. Nb5 a6 13. N5c3 dxc4 14. Qxc4 Be6
15. Qe2 Qc7 16. e4 Bc4 17. Qe3 Bxf1 18. Kxf1 Rfd8 19. Nd2 Rac8 20. h3 Qc5 21.
Qxc5 Rxc5 22. Ke2 Rc7 23. a3 Bh6 24. g3 Rcd7 25. Nf1 Bxc1 26. Rxc1 b5 27. g4
Rc7 28. Ke3 a5 29. Na2 Rxc1 30. Nxc1 Rd1 31. Ke2 Rxc1 32. b4 axb4 33. axb4 Rb1
0-1

[Event "Politiken Cup 2011"]
[Site "Helsingor"]
[Date "2011.07.30"]
[Round "1.149"]
[White "Rasmussen, Lars"]
[Black "Hjornevik, Oyvind"]
[Result "1-0"]
[WhiteElo "1981"]
[BlackElo "1000"]
[PlyCount "59"]
[EventDate "2011.??.??"]
[WhiteTeam "Åbyhøj"]
[BlackTeam "Sandness"]

1. e4 e5 2. Nf3 Nc6 3. Bb5 Nf6 4. O-O Bc5 5. c3 O-O 6. d4 a6 7. Bxc6 bxc6 8.
dxc5 d5 9. Bg5 h6 10. Bxf6 Qxf6 11. exd5 e4 12. Nd4 cxd5 13. c6 Rb8 14. b4 Bf5
15. Nd2 Qe5 16. N2b3 Rfe8 17. Re1 Rbd8 18. Nxf5 Qxf5 19. Nd4 Qe5 20. Qe2 Rd6
21. Qxa6 Rc8 22. Qxc8+ Kh7 23. Qxc7 f6 24. Nb5 Qf4 25. Qxd6 Qd2 26. c7 d4 27.
Qxd4 Qg5 28. Qxe4+ g6 29. Qe7+ Kh8 30. c8=Q# 1-0

[Event "Politiken Cup 2011"]
[Site "Helsingor"]
[Date "2011.07.30"]
[Round "1.150"]
[White "Løndalen, Sindre"]
[Black "Meier, Lars"]
[Result "0-1"]
[WhiteElo "1000"]
[BlackElo "1980"]
[PlyCount "70"]
[EventDate "2011.??.??"]
[WhiteTeam "Sevland"]
[BlackTeam "SK Gründau"]

1. e4 e6 2. e5 d5 3. d4 c5 4. c3 Nc6 5. Bb5 Qb6 6. Qb3 Bd7 7. Bxc6 bxc6 8. Qxb6
axb6 9. Nf3 cxd4 10. cxd4 Ne7 11. Nh4 c5 12. dxc5 bxc5 13. Be3 Nc6 14. a3 Nxe5
15. O-O Be7 16. Bf4 Nd3 17. Bg3 Nxb2 18. Be5 Bxh4 19. Bxg7 f6 20. Bxh8 Kf7 21.
Ra2 Nc4 22. g3 Bg5 23. h4 Bh6 24. Bxf6 Kxf6 25. g4 Bf4 26. Kg2 d4 27. Kf3 e5
28. Rg1 Bc6+ 29. Ke2 e4 30. Rc2 d3+ 31. Kd1 Ba4 32. Nc3 Bxc2+ 33. Ke1 Rxa3 34.
Nd5+ Ke5 35. Nxf4 Ra1# 0-1

[Event "Politiken Cup 2011"]
[Site "Helsingor"]
[Date "2011.07.30"]
[Round "1.151"]
[White "Rosell, Sven"]
[Black "Svane"]
[Result "1-0"]
[WhiteElo "1979"]
[BlackElo "1000"]
[PlyCount "61"]
[EventDate "2011.??.??"]
[WhiteTeam "LASK"]
[BlackTeam "Lubecker Schachverein"]

1. c4 d6 2. Nf3 Nf6 3. g3 g6 4. Bg2 Bg7 5. Nc3 O-O 6. O-O Nbd7 7. d3 e5 8. Rb1
b6 9. Nxe5 Rb8 10. Nc6 Qe8 11. Nxb8 Nxb8 12. Qc2 Nbd7 13. Nb5 Nc5 14. Nxc7 Qd7
15. Nd5 Qd8 16. b4 Ne6 17. e3 Qe8 18. Bb2 Qd8 19. Bc3 Re8 20. Rbc1 Ng5 21. Bxf6
Bxf6 22. Qa4 Be6 23. Qxe8+ Kg7 24. Qxd8 Bxd8 25. h4 Nh3+ 26. Kh2 Bf5 27. e4 Be6
28. Bxh3 h6 29. Bxe6 fxe6 30. Nf4 e5 31. Ne6+ 1-0

[Event "Politiken Cup 2011"]
[Site "Helsingor"]
[Date "2011.07.30"]
[Round "1.152"]
[White "Svane, Freja"]
[Black "Bauder, Herbert"]
[Result "0-1"]
[WhiteElo "1000"]
[BlackElo "1971"]
[PlyCount "44"]
[EventDate "2011.??.??"]
[WhiteTeam "Lübecker Schackverein"]
[BlackTeam "SG Lasker-Stieglitz Berlin"]

1. e4 c5 2. Nf3 Nc6 3. Bb5 g6 4. O-O Bg7 5. d3 Qb6 6. Bxc6 Qxc6 7. Ng5 h6 8.
Nf3 d6 9. Be3 Nf6 10. Nbd2 O-O 11. Nc4 b5 12. Ncd2 Ng4 13. Qe2 Nxe3 14. Qxe3
Kh7 15. Ng5+ hxg5 16. Qxg5 Bf6 17. Qg3 Bxb2 18. Rad1 Bf6 19. Rfe1 e5 20. Re3
Qd7 21. Rf3 Qe7 22. Re1 Bh4 0-1

[Event "Politiken Cup 2011"]
[Site "Helsingor"]
[Date "2011.07.30"]
[Round "1.153"]
[White "Vesterli, Michael E"]
[Black "Svane, Kristian"]
[Result "1-0"]
[WhiteElo "1969"]
[BlackElo "1000"]
[PlyCount "33"]
[EventDate "2011.??.??"]
[WhiteTeam "BMS"]
[BlackTeam "Lübecker Schackverein"]

1. d4 Nf6 2. c4 g6 3. Nc3 Bg7 4. e4 d6 5. Be2 O-O 6. Bg5 c5 7. d5 Qa5 8. Bd2
Bd7 9. Nf3 a6 10. a4 e6 11. Nb5 Qb6 12. a5 Qd8 13. Nxd6 exd5 14. cxd5 Bg4 15.
e5 Nxd5 16. Bg5 f6 17. Qxd5+ 1-0

[Event "Politiken Cup 2011"]
[Site "Helsingor"]
[Date "2011.08.02"]
[Round "5.4"]
[White "Nielsen, Peter Heine"]
[Black "Romanishin, Oleg M"]
[Result "1-0"]
[WhiteElo "2681"]
[BlackElo "2526"]
[PlyCount "71"]
[EventDate "2011.??.??"]
[WhiteTeam "Skanderborg"]

1. d4 Nf6 2. c4 e6 3. Nf3 b6 4. g3 Ba6 5. Qc2 d5 6. cxd5 exd5 7. Bg2 Bb4+ 8.
Nc3 O-O 9. O-O h6 10. Ne5 Re8 11. Bf4 c6 12. Rfd1 Bb7 13. a3 Bxc3 14. Qxc3 Ne4
15. Qb3 Ng5 16. e4 Ne6 17. Be3 Nd7 18. Nxc6 Bxc6 19. exd5 Nxd4 20. Bxd4 Bb7 21.
Rac1 Nf6 22. Bxf6 Qxf6 23. Rc7 Rab8 24. Qf3 Qxf3 25. Bxf3 Red8 26. Rd4 a5 27.
Kg2 Rd6 28. Rf4 f6 29. Re4 Bxd5 30. Ree7 Bxf3+ 31. Kxf3 g5 32. Kg4 f5+ 33. Kh5
f4 34. Rg7+ Kh8 35. Rh7+ Kg8 36. Rxh6 1-0

[Event "Politiken Cup 2011"]
[Site "Helsingor"]
[Date "2011.08.02"]
[Round "5.1"]
[White "Khenkin, Igor"]
[Black "Bu, Xiangzhi"]
[Result "1/2-1/2"]
[WhiteElo "2620"]
[BlackElo "2675"]
[PlyCount "25"]
[EventDate "2011.??.??"]
[BlackTeam "Shangdon"]

1. d4 Nf6 2. c4 e6 3. Nc3 Bb4 4. Qc2 d5 5. a3 Bxc3+ 6. Qxc3 O-O 7. Nf3 b6 8.
Bg5 dxc4 9. Qxc4 Ba6 10. Qa4 Qd7 11. Qxd7 Nbxd7 12. Bxf6 gxf6 13. e3 1/2-1/2